00526nam a2200217Ia 450000500170000000800460001702000180006303700100008104000080009104000080009904000080010704100080011504100080012308400080013110000130013924500600015226000310021226000090024365000160025285600400026820260306163818.0008 260114s9999 xx 000 0 eng d a9781474400848 aEBOOK aCRL beng cCRL 2eng aeng qCRL aBoardman 0aKings, Lords And Men In Scotland And Britain, 1300-1625 bEdinburgh University Press c2014 aSocial Work uhttps://academic.oup.com/book/33280